Obálka
Pro půjčování e-knih musíte být přihlášeni.
Jak si půjčit online?

Album pohádek "Supraphon dětem" 8 /

Osmý díl miniserie Album pohádek "Supraphon dětem" představuje sedm pohádek z archivu Supraphonu ze 70. let - mimo Psí pohádku, která je vyprávěná, jsou všechny dramatizované. V pohádkách Jak se králíček Ňuf stal mužským, Princezna Jaruška a rytíř Anastáz, O princezně a pirátech, Chytrý Jí...

Celý popis

Uloženo v:
Série:Supraphon dětem, část 8
Hlavní autor: neuveden, (Autor)
Další autoři: Vášová, Marie (Autor), Töpfer, Tomáš (Vypravěč-komentátor), Andresíková, Jana (Vypravěč-komentátor), Hlaváčová, Daniela (Vypravěč-komentátor), Štepánek, Petr (Vypravěč-komentátor), Neděla, Milan (Vypravěč-komentátor), Maciuchová, Hana (Vypravěč-komentátor), Schánilec, Jan (Vypravěč-komentátor)
Médium: E-audiokniha
Vydáno: Praha : Supraphon a.s., 2014
Příbuzné jednotky:Z cyklu:: Supraphon dětem
Tagy:
Žádné tagy
LEADER 02119nim a22004097i 4500
001 313342
007 sr nunnnnnnned
024 |a 099925704827 
044 |a xr 
100 1 |a  neuveden,   |4 aut 
245 1 0 |a Album pohádek "Supraphon dětem" 8 /  |c  neuveden,  
264 1 |a Praha :  |b Supraphon a.s.,  |c 2014 
300 |a 1 online zdroj (1 hod., 16 min., 14 sek.) 
336 |a mluvené slovo  |b spw  |2 rdacontent 
337 |a audio  |b s  |2 rdamedia 
338 |a online zdroj  |b cr  |2 rdacarrier 
505 0 0 |t Jak se kralicek Nuf stal muzskym (8 min., 58 sek.) 
505 0 0 |t Princezna Jaruska a rytir Anastaz (8 min., 45 sek.) 
505 0 0 |t O princezne a piratech (9 min., 8 sek.) 
505 0 0 |t Chytry Jira (14 min., 13 sek.) 
505 0 0 |t Psi pohadka (17 min., 29 sek.) 
505 0 0 |t Nejdek a Holubi pirko (9 min., 0 sek.) 
505 0 0 |t Dobra zena nejlepsi dar (8 min., 34 sek.) 
520 2 |a Osmý díl miniserie Album pohádek "Supraphon dětem" představuje sedm pohádek z archivu Supraphonu ze 70. let - mimo Psí pohádku, která je vyprávěná, jsou všechny dramatizované. V pohádkách Jak se králíček Ňuf stal mužským, Princezna Jaruška a rytíř Anastáz, O princezně a pirátech, Chytrý Jíra a další účinkují Marie Vášová, Milan Neděla, Dana Hlaváčová, Jan Schánilec, Tomáš Töpfer, Jana Andresíková, Hana Maciuchová, Petr Štěpánek a mnoho dalších. 
700 1 |a  Vášová, Marie  |4 nrt 
700 1 |a  Töpfer, Tomáš  |4 nrt 
700 1 |a  Andresíková, Jana  |4 nrt 
700 1 |a  Hlaváčová, Daniela  |4 nrt 
700 1 |a  Štepánek, Petr  |4 nrt 
700 1 |a  Neděla, Milan  |4 nrt 
700 1 |a  Maciuchová, Hana  |4 nrt 
700 1 |a  Schánilec, Jan  |4 nrt 
787 0 8 |g 8  |i Z cyklu:  |t Supraphon dětem 
910 |a RBIT002 
998 |d 403627  |a https://core.palmknihy.cz/api/books/403627/cover?scfr0b  |b https://core.palmknihy.cz/api/books/403627/cover/400?scfr0b  |c https://core.palmknihy.cz/api/books/403627/cover/50?scfr0b  |e 2099-01-01  |i 099925704827  |l 4574  |q 49  |r 1  |s https://www.palmknihy.cz/kniha/403627  |t audiobook  |y 2014  |z 1  |v Supraphon dětem  |w 8 
999 |d 313340